Statistics for Largest US Cities not on interstates

Click here to take the quiz!

General Stats

  • This quiz has been taken 86 times
    (23 since last reset)
  • The average score is 6 of 46

Answer Stats

State Population City % Correct
CA522,050Fresno
86%
CA376,380Bakersfield
62%
AK301,100Anchorage
57%
AZ484,590Mesa
57%
CA212,180Modesto
33%
CO108,090Boulder
33%
TX286,060Plano
24%
CA207,910Oxnard
19%
TX104,800Tyler
19%
GA123,380Athens
19%
AZ240,350Gilbert
14%
OR91,130Bend
14%
CA160,110Lancaster
14%
CA131,080Visalia
10%
CA91,930Santa Barbara
10%
TX99,180Allen
10%
TX112,140College Station
10%
TX163,660Frisco
10%
TX172,300McKinney
10%
AZ164,180Peoria
10%
CA175,160Santa Rosa
10%
CO103,990Greeley
5%
CA106,590Clovis
5%
AZ132,680Surprise
5%
NC91,500Greenville
5%
CA157,360Palmdale
5%
FL182,450Cape Coral
5%
PA87,580Reading
5%
CA128,890Thousand Oaks
5%
TX100,710San Angelo
5%
CA91,570Chico
0%
NJ91,840Toms River
0%
MA95,630Brockton
0%
GA83,350Johns Creek
0%
GA93,700Roswell
0%
FL103,900Spring Hill
0%
CA101,960Vista
0%
FL130,060Coral Springs
0%
OR105,170Hillsboro
0%
CA106,290Santa Maria
0%
CA109,600Ventura
0%
CA110,900Antioch
0%
FL114,370Clearwater
0%
CA157,220Salinas
0%
CA126,330Simi Valley
0%
VA80,000Lynchburg
0%

Score Distribution

Percentile by Number Answered

Percent of People with Each Score

Your Score History

You have not taken this quiz since the last reset